Počítačová podpora návrhu a výroby zberateľskej mince

Saved in:
Bibliographic Details
Main Author: Nagyová, Nikolett (Author)
Other Authors: Peterka, Jozef (Thesis advisor)
Format: Manuscript Book
Language:Slovak
Published: 2025
Subjects:
Online Access:http://is.stuba.sk/zp/portal_zp.pl?podrobnosti=176984
Tags: Add Tag
No Tags, Be the first to tag this record!

MARC

LEADER 00000ntm a22000003a 4500
001 stuzp103895
003 SK-STU
005 20250628210953.9
007 ta
008 150427s2015----xo-----f-mn---000-0-slo-d
040 |a STU  |b slo 
041 0 |a slo 
100 1 |a Nagyová, Nikolett  |u 063000  |4 aut  |U MTF Materiálovotechnologická fakulta  |T MTF Ústav výrobných technológií  |X 122031  |U M3000  |Y 83  |7 122031 
242 0 1 |a Computer support for the design and production of a collector coin  |y eng 
245 1 0 |a Počítačová podpora návrhu a výroby zberateľskej mince 
260 |c 2025 
650 4 |a CAD  |2 slo 
650 4 |a CAD/CAM  |2 slo 
650 4 |a mince  |2 slo 
650 4 |a zberateľská minca  |2 slo 
650 4 |a CA  |2 slo 
650 4 |a CAM  |2 slo 
650 4 |a CA  |2 eng 
650 4 |a CAD  |2 eng 
650 4 |a CAM  |2 eng 
650 4 |a CAD/CAM  |2 eng 
650 4 |a coins  |2 eng 
650 4 |a collector coin  |2 eng 
700 1 |a Peterka, Jozef  |u 063200  |k Z1  |4 ths  |U MTF Ústav výrobných technológií  |T MTF Katedra obrábania a počítačovej podpory technológií  |X 278  |U M3200  |Y 164  |7 A000000278 
856 4 |u http://is.stuba.sk/zp/portal_zp.pl?podrobnosti=176984 
996 |c M* BP-9996  |l MMSKP  |s P  |a 0  |w stuzp103895_0001